| 000 | 00486pab a2200145 454500 | ||
|---|---|---|---|
| 008 | 180718b1987 xxu||||| |||| 00| 0 eng d | ||
| 100 | _aKoelbel, Thomas A. | ||
| 245 |
_aTrade unionists, party activists, and politicians _bThe struggle for power over party rules in the British Labour Party and the West German Social Democratic Party |
||
| 260 | _c1987 | ||
| 300 | _a253-66 | ||
| 362 | _aApr. | ||
| 650 | _aPolitical Parties - U.K. | ||
| 773 | _aComparative Politics | ||
| 909 | _a15342 | ||
| 999 |
_c15342 _d15342 |
||